000 00697nam a22002297a 4500
001 BR7375351
003 BR-BrBNA
005 20230928084419.0
007 ta
008 230509b bl.||||| |||| 00| 0 por d
040 _aBR-BrBNA
_bpor
_cBiblioteca Nacional de Agricultura
041 _a(Por)
072 _aE10
090 _ E10 BR7375351
110 1 _aBanco do Nordeste do Brasil S.A., Fortaleza, CE. Escritorio Tecnico de Estudos Economicos do Nordeste
_91166
245 1 _aNecessidade de credito para uma agricultura em transformacao
260 3 _aFortaleza, CE (Brasil):
_c1957.
300 _a6 p.
650 _aCREDITO AGRICOLA
909 _a202309
_bLucia
_c55
_dLucia Elande
942 _cBK
999 _c18794
_d18794